[Event "Fall TNM"]
[Site "San Francisco"]
[Date "2005.12.06"]
[Round "6"]
[White "Yamamoto, Craig"]
[Black "Samatra, Mario"]
[Result "0-1"]
[WhiteElo "1577"]
[BlackElo "1900"]
[PlyCount "114"]
[EventDate "2005.11.01"]
[EventType "swiss"]
[EventRounds "8"]
[EventCountry "USA"]

1. Nf3 Nf6 2. g3 b6 3. Bg2 Bb7 4. O-O d5 5. d4 Nbd7 6. b3 g6 7. Bb2 Bg7 8. Nbd2
O-O 9. c4 e6 10. Qc2 c5 11. e3 Rc8 12. dxc5 Nxc5 13. Rfd1 Nce4 14. Nxe4 Nxe4
15. Bxg7 Kxg7 16. Qb2+ Qf6 17. Qxf6+ Nxf6 18. Ne5 Rfd8 19. Rac1 Ba6 20. cxd5
exd5 21. Nc6 Rd6 22. Nd4 Rdd8 23. Nc6 Rd6 24. Nd4 Rdd8 25. Nc6 Rd6 {
either side could have claimed a draw based on 3-fold repetition} 26. Nd4 Rc5
27. Bf1 Bxf1 28. Kxf1 Ne4 29. Rc2 Rd8 30. Rdc1 Rdc8 31. Rxc5 bxc5 32. Ke2 Nd6
33. Nf3 f6 34. Rd1 Ne4 35. Rc1 Kf7 36. Nd2 Nxd2 37. Kxd2 Ke6 38. Kd3 Kd6 39. b4
c4+ 40. Kd4 f5 41. h4 Rb8 42. a3 Rb5 43. f3 a5 44. bxa5 Rxa5 45. Rc3 Rb5 46. a4
Rb2 47. Ra3 Rd2+ 48. Kc3 Rd3+ 49. Kb4 Rxa3 50. Kxa3 Kc5 51. g4 fxg4 52. fxg4 h6
53. g5 h5 54. a5 Kb5 55. a6 Kxa6 56. Kb4 Kb6 57. e4 Kc6 0-1

[Event "Fall TNM"]
[Site "San Francisco"]
[Date "2005.12.13"]
[Round "7"]
[White "Barrera, Jorge"]
[Black "Regan, Jack"]
[Result "1-0"]
[WhiteElo "1363"]
[BlackElo "1555"]
[PlyCount "37"]
[EventDate "2005.11.01"]
[EventType "swiss"]
[EventRounds "8"]
[EventCountry "USA"]

1. d4 Nf6 2. c4 d5 3. Nc3 e6 4. Bf4 a6 5. e3 dxc4 6. Bxc4 b5 7. Bd3 Bb7 8. f3
Bb4 9. Nge2 Nd5 10. a3 Bxc3+ 11. bxc3 g5 12. e4 Nxc3 13. Nxc3 gxf4 14. e5 Qxd4
15. Bxb5+ axb5 16. Qxd4 c6 17. Qxf4 Nd7 18. O-O O-O-O 19. Ne4 1-0

[Event "Fall TNM"]
[Site "San Francisco"]
[Date "2005.12.13"]
[Round "7"]
[White "Blagodarsky, Ilya"]
[Black "Starr, Albert"]
[Result "0-1"]
[WhiteElo "1332"]
[BlackElo "1521"]
[PlyCount "90"]
[EventDate "2005.11.01"]
[EventType "swiss"]
[EventRounds "8"]
[EventCountry "USA"]

1. d4 f5 2. c4 e6 3. Nc3 Nf6 4. Bg5 Be7 5. e3 O-O 6. f3 d5 7. Bd3 c6 8. Nge2
Nh5 9. Bxe7 Qxe7 10. O-O g6 11. e4 dxc4 12. Bxc4 b5 13. Bb3 a5 14. Nc1 a4 15.
Bc2 Ba6 16. Re1 Qa7 17. Kh1 Nd7 18. exf5 exf5 19. Re7 Rad8 20. d5 Qc5 21. Re6
Nf4 22. Rxc6 Qf2 23. Qg1 Qxc2 24. Rxa6 Qxb2 25. N1e2 Nxe2 26. Nxe2 Qxe2 27. Re6
Qc4 28. Rd1 Nc5 29. Rc6 Rxd5 30. Rc1 Qxa2 31. R6xc5 Rxc5 32. Qxc5 Qb3 33. Qc3
Qxc3 34. Rxc3 Rb8 35. Ra3 Kf7 36. Kg1 Ke6 37. Kf2 Kd5 38. Ke2 Kc4 39. Kd2 Kb4
40. Ra1 a3 41. Rb1+ Ka4 42. g4 b4 43. h4 b3 44. Kc3 a2 45. Ra1 Ka3 0-1

[Event "Fall TNM"]
[Site "San Francisco"]
[Date "2005.12.13"]
[Round "7"]
[White "Braden, Brian"]
[Black "Frank, Robert"]
[Result "1-0"]
[WhiteElo "1127"]
[BlackElo "1361"]
[PlyCount "118"]
[EventDate "2005.11.01"]
[EventType "swiss"]
[EventRounds "8"]
[EventCountry "USA"]

1. e4 e5 2. Nf3 Nc6 3. Bb5 a6 4. Bxc6 dxc6 5. d3 Bd6 6. Nc3 Nf6 7. O-O Bg4 8.
h3 Bh5 9. b3 O-O 10. Bb2 b5 11. Qe2 b4 12. Nb1 Qe7 13. Nbd2 a5 14. Qe3 c5 15.
Nc4 Nd7 16. Rfe1 a4 17. bxa4 Rxa4 18. Nfd2 Nb6 19. Qg3 f6 20. Ne3 Bg6 21. Nf3
f5 22. Qg5 Qxg5 23. Nxg5 f4 24. Ng4 Nd7 25. Nf3 Re8 26. g3 h5 27. Ngh2 fxg3 28.
fxg3 Rea8 29. a3 bxa3 30. Bc3 Kh7 31. Nf1 a2 32. N1d2 Kh6 33. Nc4 Re8 34. Kf2
Bf7 35. Nfd2 Be6 36. h4 Bg4 37. Ne3 Rf8+ 38. Kg2 g5 39. Nxg4+ hxg4 40. hxg5+
Kxg5 41. Nb3 Rb8 42. Rf1 Kg6 43. Rf2 Nb6 44. Rh1 c4 45. Na1 cxd3 46. cxd3 Ra3
47. Rc1 Na4 48. Ba5 Rb2 49. Rxb2 Nxb2 50. Bxc7 Nxd3 51. Bxd6 Nxc1 52. Bxa3 Nd3
53. Kf1 Kf6 54. Ke2 Nf4+ 55. gxf4 exf4 56. Bd6 f3+ 57. Kf2 Kg5 58. Kg3 Kf6 59.
Kxg4 f2 {W won on time} 1-0

[Event "Fall TNM"]
[Site "San Francisco"]
[Date "2005.12.13"]
[Round "7"]
[White "Bukh, Yefim"]
[Black "Stephenson, Lloyd"]
[Result "1-0"]
[WhiteElo "1928"]
[BlackElo "1782"]
[PlyCount "80"]
[EventDate "2005.11.01"]
[EventType "swiss"]
[EventRounds "8"]
[EventCountry "USA"]

1. Nf3 Nf6 2. b3 d5 3. Bb2 c5 4. e3 Nc6 5. Bb5 e6 6. Ne5 Bd7 7. Bxc6 Bxc6 8.
Nxc6 bxc6 9. g4 Qc7 10. Bxf6 gxf6 11. d3 Bd6 12. f4 d4 13. exd4 cxd4 14. f5
O-O-O 15. Qf3 Rhe8 16. Kd1 Bb4 17. a3 Bf8 18. Nd2 exf5 19. Qxf5+ Re6 20. Ne4
Rd5 21. Qxh7 Rd8 22. Rf1 Qe7 23. g5 a5 24. gxf6 Qa7 25. Kc1 Rde8 26. Kb1 c5 27.
Qf5 Kb8 28. Ka2 Qc7 29. Rf2 Ka7 30. Qd5 Rd8 31. Qc4 Rc6 32. Rf5 Rd7 33. Qb5 Rd8
34. Raf1 Rb8 35. Qc4 Rb7 36. Rh5 Bd6 37. Rff5 Bxh2 38. Rxc5 Rxc5 39. Nxc5 Rb6
40. Qd5 Bd6 {remainder illegible} 1-0

[Event "Fall TNM"]
[Site "San Francisco"]
[Date "2005.12.13"]
[Round "7"]
[White "Chan, John"]
[Black "Dupree, Charles"]
[Result "1-0"]
[WhiteElo "1613"]
[BlackElo "1848"]
[PlyCount "51"]
[EventDate "2005.11.01"]
[EventType "swiss"]
[EventRounds "8"]
[EventCountry "USA"]

1. c4 Nf6 2. Nc3 e6 3. d4 Bb4 4. Qc2 b6 5. a3 Bxc3+ 6. bxc3 Bb7 7. f3 Nc6 8. e4
d6 9. Bg5 h6 10. Bh4 e5 11. d5 Na5 12. Bd3 Ba6 13. Qa2 g5 14. Bf2 Qd7 15. Rb1
g4 16. Rb2 O-O-O 17. Bh4 Qe7 18. fxg4 Rdg8 19. Rf2 Rg6 20. h3 Nb7 21. Ne2 Nc5
22. Qc2 Kb8 23. Rhf1 Ncd7 24. Ng3 h5 25. Nxh5 Rxh5 26. gxh5 1-0

[Event "Fall TNM"]
[Site "San Francisco"]
[Date "2005.12.13"]
[Round "7"]
[White "Dunham, Tom"]
[Black "McCutchen, Wilmot"]
[Result "1-0"]
[WhiteElo "1336"]
[BlackElo "1554"]
[PlyCount "49"]
[EventDate "2005.11.01"]
[EventType "swiss"]
[EventRounds "8"]
[EventCountry "USA"]

1. e4 c5 2. Nf3 Nc6 3. d4 cxd4 4. Nxd4 Nf6 5. Nc3 g6 6. Be3 Bg7 7. f3 O-O 8.
Qd2 d5 9. Nxc6 bxc6 10. O-O-O Be6 11. e5 Nd7 12. f4 Nb6 13. Qf2 Rb8 14. h4 Bg4
15. Rd2 Qc8 16. h5 Bxh5 17. Rxh5 gxh5 18. Bd3 Nc4 19. Rd1 Nxb2 20. Bxh7+ Kxh7
21. Rh1 Qf5 22. Qh4 Qg4 23. Qxg4 Rh8 24. Qf5+ Kg8 25. Bxa7 1-0

[Event "Fall TNM"]
[Site "San Francisco"]
[Date "2005.12.13"]
[Round "7"]
[White "Kastor, Mark"]
[Black "Purcell, Brendan"]
[Result "0-1"]
[WhiteElo "1667"]
[BlackElo "1836"]
[PlyCount "58"]
[EventDate "2005.11.01"]
[EventType "swiss"]
[EventRounds "8"]
[EventCountry "USA"]

1. e4 c5 2. Nf3 d6 3. d4 cxd4 4. Nxd4 Nf6 5. Nc3 g6 6. f3 Bg7 7. Be3 Nc6 8. Qd2
O-O 9. O-O-O d5 10. exd5 Nxd5 11. Nxd5 Qxd5 12. Nb3 Qe5 13. c3 Be6 14. f4 Qc7
15. Qc2 a5 16. Nd4 Nxd4 17. Bxd4 Qxf4+ 18. Kb1 Bf5 19. Bd3 Bxd4 20. Bxf5 Bg7
21. Be4 Rab8 22. h4 b5 23. h5 b4 24. hxg6 hxg6 25. Bxg6 fxg6 26. Qxg6 Qf5+ 27.
Qxf5 Rxf5 28. cxb4 Rf2 29. b3 Rb2+ 0-1

[Event "Fall TNM"]
[Site "San Francisco"]
[Date "2005.12.13"]
[Round "7"]
[White "Kleiman, Charles"]
[Black "Nochomovitz, Yigal"]
[Result "1-0"]
[WhiteElo "1883"]
[BlackElo "1765"]
[PlyCount "43"]
[EventDate "2005.11.01"]
[EventType "swiss"]
[EventRounds "8"]
[EventCountry "USA"]

1. d4 e6 2. Nf3 f5 3. c4 Nf6 4. Nc3 Be7 5. d5 d6 6. dxe6 Bxe6 7. Nd4 Bd7 8. Qc2
Qc8 9. e4 fxe4 10. Nxe4 O-O 11. Bd3 Qe8 12. Be3 Ng4 13. O-O-O Nxe3 14. fxe3 Nc6
15. a3 Ne5 16. Be2 Qg6 17. h3 Bg5 18. Nxg5 Qxg5 19. Qe4 Rae8 20. Rdf1 Nf3 21.
Nxf3 Rxf3 22. Qxf3 1-0

[Event "Fall TNM"]
[Site "San Francisco"]
[Date "2005.12.13"]
[Round "7"]
[White "Krasnov, Steven"]
[Black "Chalissery, Jossy"]
[Result "1-0"]
[WhiteElo "1872"]
[BlackElo "1688"]
[PlyCount "79"]
[EventDate "2005.11.01"]
[EventType "swiss"]
[EventRounds "8"]
[EventCountry "USA"]

1. c4 e6 2. g3 Nf6 3. Bg2 c6 4. e4 e5 5. Nc3 Be7 6. Nf3 d6 7. h3 Be6 8. b3 h6
9. d4 d5 10. exd5 cxd5 11. dxe5 Bb4 12. Bd2 Bxc3 13. Bxc3 Ne4 14. Qc2 Nxc3 15.
Qxc3 dxc4 16. bxc4 O-O 17. Nd4 Qc7 18. Nxe6 fxe6 19. Rb1 Nc6 20. O-O Rad8 21.
f4 b6 22. Rbc1 Nd4 23. Qe3 Nf5 24. Qa3 Nd4 25. Kh2 Ne2 26. Rc2 Nd4 27. Rc3 Rd7
28. Re1 Rfd8 29. Qc1 Qc5 30. Qe3 Kh8 31. Be4 Kg8 32. Bb1 Kf8 33. g4 Rf7 34. Bg6
Rfd7 35. f5 Nf3+ 36. Qxf3 Rd2+ 37. Kg3 Kg8 38. fxe6 Qe7 39. Qf7+ Qxf7 40. exf7+
1-0

[Event "Fall TNM"]
[Site "San Francisco"]
[Date "2005.12.13"]
[Round "7"]
[White "Ladyzhensky, Boris"]
[Black "Robbins, Chuck"]
[Result "0-1"]
[WhiteElo "1721"]
[BlackElo "1577"]
[PlyCount "92"]
[EventDate "2005.11.01"]
[EventType "swiss"]
[EventRounds "8"]
[EventCountry "USA"]

1. e4 e6 2. d4 d5 3. Nc3 Bb4 4. e5 Ne7 5. a3 Bxc3+ 6. bxc3 c5 7. Qg4 Qc7 8.
Bb5+ Bd7 9. Bxd7+ Nxd7 10. Ne2 cxd4 11. Qxg7 Rg8 12. Qxh7 dxc3 13. O-O Qxe5 14.
Qd3 Rc8 15. Rb1 b6 16. Be3 Nf5 17. Bd4 Nxd4 18. Nxd4 Qg7 19. g3 Qg6 20. Qa6 Ke7
21. Qxa7 Qe4 22. Rxb6 Rh8 23. Nc6+ Kf6 24. Qxd7 Rxh2 25. Qe7+ Kg6 26. Ne5+ Qxe5
27. Kxh2 Rh8+ 28. Kg1 Qe4 29. f3 Qd4+ 30. Kg2 Qxb6 31. f4 Qd8 32. Qb4 d4 33.
Qb5 Qa8+ 34. Rf3 Qe4 35. Qg5+ Kh7 36. g4 Qxc2+ 37. Kg3 Qg6 38. Qc5 Rd8 39. f5
exf5 40. Rxf5 Qd6+ 41. Kf3 Qxc5 42. Rxc5 d3 43. Rh5+ Kg6 44. Rh1 Re8 45. a4 c2
46. a5 d2 0-1

[Event "Fall TNM"]
[Site "San Francisco"]
[Date "2005.12.13"]
[Round "7"]
[White "Litowsky, Dan"]
[Black "Grey, Peter"]
[Result "0-1"]
[WhiteElo "1710"]
[BlackElo "2021"]
[PlyCount "58"]
[EventDate "2005.11.01"]
[EventType "swiss"]
[EventRounds "8"]
[EventCountry "USA"]

1. e4 c5 2. Nc3 Nc6 3. Bc4 e6 4. a3 Nf6 5. d3 d5 6. exd5 exd5 7. Ba2 Be6 8. h3
Qd7 9. Bf4 d4 10. Nce2 Bxa2 11. Rxa2 Qd5 12. b3 Qxg2 13. Rh2 Qd5 14. Ng3 Bd6
15. Bxd6 Qxd6 16. Qe2+ Kd7 17. Kd2 Qf4+ 18. Kd1 Rae8 19. Qd2 Qxd2+ 20. Kxd2 h5
21. f3 Nd5 22. Ne4 b6 23. Ne2 Ne5 24. Rf2 f5 25. Ng5 Ke7 26. f4 Nf7 27. Rg2
Nxg5 28. Rxg5 Kf6 29. h4 Rxe2+ 0-1

[Event "Fall TNM"]
[Site "San Francisco"]
[Date "2005.12.13"]
[Round "7"]
[White "Livschitz, Jennifer"]
[Black "Salvo, Tab"]
[Result "0-1"]
[WhiteElo "1230"]
[BlackElo "1712"]
[PlyCount "50"]
[EventDate "2005.11.01"]
[EventType "swiss"]
[EventRounds "8"]
[EventCountry "USA"]

1. e4 d6 2. d4 Nf6 3. Nc3 g6 4. Bc4 Bg7 5. f3 O-O 6. Be3 c6 7. Bb3 e5 8. d5 Na6
9. Qd2 Re8 10. Nge2 c5 11. O-O-O Bd7 12. h4 b5 13. a3 c4 14. Ba2 Qc7 15. h5
Rab8 {NAM} 16. hxg6 fxg6 17. Bg5 b4 18. axb4 Nxb4 19. Bxf6 Nxa2+ 20. Nxa2 Qb7
21. c3 Bxf6 22. Nb4 a5 23. Na2 Ba4 24. Rde1 Bb3 25. Kb1 Bxa2+ {
remainder illegible} 0-1

[Event "Fall TNM"]
[Site "San Francisco"]
[Date "2005.12.13"]
[Round "7"]
[White "Mar, Henry"]
[Black "Allen, Tom"]
[Result "1/2-1/2"]
[WhiteElo "1565"]
[BlackElo "1506"]
[PlyCount "68"]
[EventDate "2005.11.01"]
[EventType "swiss"]
[EventRounds "8"]
[EventCountry "USA"]

1. d4 Nf6 2. Nf3 d5 3. e3 Bg4 4. Be2 Bxf3 5. Bxf3 e6 6. O-O Bd6 7. Nd2 c6 8.
Re1 Qc7 9. g3 O-O 10. e4 dxe4 11. Nxe4 Be7 12. Bf4 Qb6 13. Qc1 Nbd7 14. c3 Nd5
15. Bd6 Rfe8 16. Bxe7 Rxe7 17. Ng5 h6 18. Ne4 Qc7 19. c4 N5f6 20. b3 Rd8 21.
Qa3 Ree8 22. Nd6 Rf8 23. c5 Qb8 24. b4 Ne8 25. Ne4 Ndf6 26. Qb2 Nxe4 27. Rxe4
Nf6 28. Re2 Nd5 29. Rae1 Rd7 30. a3 Qd8 31. Rd2 Qf6 32. Bxd5 Rxd5 33. Re5 Rfd8
34. Rxd5 Rxd5 1/2-1/2

[Event "Fall TNM"]
[Site "San Francisco"]
[Date "2005.12.13"]
[Round "7"]
[White "Parker, Frank"]
[Black "Woebcke, Carl"]
[Result "1/2-1/2"]
[WhiteElo "1811"]
[BlackElo "1718"]
[PlyCount "77"]
[EventDate "2005.11.01"]
[EventType "swiss"]
[EventRounds "8"]
[EventCountry "USA"]

1. d4 d5 2. Nf3 Nf6 3. c4 e6 4. Nc3 Nbd7 5. Bg5 Be7 6. e3 c6 7. Bd3 dxc4 8.
Bxc4 b5 9. Bd3 Bb7 10. O-O a6 11. Rc1 Rc8 12. Re1 c5 13. a3 Qb6 14. Be2 O-O 15.
Ne5 Rfd8 16. Nxd7 Rxd7 17. Bxf6 Bxf6 18. dxc5 Qd8 19. Qb3 Be7 20. Red1 Rxc5 21.
Rxd7 Qxd7 22. Rd1 Qc7 23. f3 Qe5 24. Rd3 f5 25. Qd1 Rc7 26. f4 Qc5 27. Kf2 Bc6
28. Qb3 Kf7 29. Bf3 Rd7 30. Rxd7 Bxd7 31. Ne2 g5 32. fxg5 Bxg5 33. Qd3 Ke7 34.
Qd4 Qxd4 35. Nxd4 Bf6 36. b3 Kd6 37. b4 e5 38. Nc2 e4 39. Be2 1/2-1/2

[Event "Fall TNM"]
[Site "San Francisco"]
[Date "2005.12.13"]
[Round "7"]
[White "Rudyak, Felix"]
[Black "Sainz, Guadalupe"]
[Result "0-1"]
[WhiteElo "1847"]
[BlackElo "1679"]
[PlyCount "110"]
[EventDate "2005.11.01"]
[EventType "swiss"]
[EventRounds "8"]
[EventCountry "USA"]

1. e4 c5 2. Nf3 d6 3. c3 Nf6 4. e5 Nd5 5. Bc4 Nb6 6. Bb3 e6 7. d4 cxd4 8. cxd4
Nc6 9. O-O Be7 10. Nc3 O-O 11. exd6 Bxd6 12. Re1 Bb4 13. Bc2 Be7 14. Qd3 g6 15.
a3 Bf6 16. Be3 Nd5 17. Ne4 Bg7 18. Rad1 b6 19. Qd2 Nxe3 20. fxe3 Bb7 21. Nf2
Na5 22. b4 Bxf3 23. gxf3 Nc4 24. Qd3 Nb2 25. Qb3 Nxd1 26. Rxd1 Rc8 27. Ne4 Qc7
28. Bd3 Rfd8 29. Ba6 Qc2 30. Qd3 Qxd3 31. Rxd3 Rc2 32. f4 h6 33. Nd2 Rd5 34.
Bb7 Rd7 35. Ba6 Rdc7 36. d5 exd5 37. Rxd5 R2c3 38. Bd3 Rxa3 39. Rd8+ Kh7 40. f5
Rcc3 41. fxg6+ fxg6 42. Be4 Rxe3 43. Rd6 Bc3 44. Bxg6+ Kg7 45. Nc4 Re1+ 46. Kf2
Ra2+ 47. Kf3 Bxb4 48. Rc6 Rxh2 49. Be4 Rh4 50. Rg6+ Kf8 51. Bd5 b5 52. Nb2 Rh2
53. Nd3 Rh3+ 54. Rg3 Rxg3+ 55. Kxg3 Re3+ 0-1

[Event "Fall TNM"]
[Site "San Francisco"]
[Date "2005.12.13"]
[Round "7"]
[White "Sherwood, Peter"]
[Black "Ismakov, Arthur"]
[Result "0-1"]
[WhiteElo "1711"]
[BlackElo "2117"]
[PlyCount "62"]
[EventDate "2005.11.01"]
[EventType "swiss"]
[EventRounds "8"]
[EventCountry "USA"]

1. e4 c5 2. Nf3 e6 3. d4 cxd4 4. Nxd4 Nf6 5. Nc3 Bb4 6. Bd3 d6 7. O-O O-O 8.
Bd2 a6 9. Qf3 Nbd7 10. a3 Bc5 11. Be3 b5 12. Qg3 Qb6 13. Nce2 Bb7 14. b4 Bxd4
15. Bxd4 Qc7 16. f3 e5 17. Be3 d5 18. exd5 Nxd5 19. Bh6 Qb6+ 20. Nd4 Qxh6 21.
Nf5 Qf6 22. Rad1 Rfd8 23. Be4 Nf8 24. Rd2 Nf4 25. Rfd1 Ne2+ 26. Rxe2 Rxd1+ 27.
Kf2 Bxe4 28. fxe4 Rad8 29. Qe3 g6 30. Qg3 Kh8 31. Qh4 R1d6 0-1

[Event "Fall TNM"]
[Site "San Francisco"]
[Date "2005.12.13"]
[Round "7"]
[White "Snyder, Larry"]
[Black "Tuvshintugs, Batchimeg"]
[Result "1/2-1/2"]
[WhiteElo "2070"]
[BlackElo "2270"]
[PlyCount "88"]
[EventDate "2005.11.01"]
[EventType "swiss"]
[EventRounds "8"]
[EventCountry "USA"]

1. e4 c5 2. c3 Nf6 3. e5 Nd5 4. d4 cxd4 5. Nf3 Nc6 6. cxd4 e6 7. Bc4 d6 8. O-O
Be7 9. Qe2 a6 10. a3 b5 11. Ba2 Ra7 12. Nbd2 dxe5 13. dxe5 Rd7 14. Ne4 Qc7 15.
Ng3 Bb7 16. Bd2 Qb6 17. Rfd1 Nd4 18. Nxd4 Qxd4 19. Bh6 Qh4 20. Bxd5 Bxd5 21.
Bxg7 Rg8 22. Bf6 Bxf6 23. exf6 Qxf6 24. Rac1 Qd8 25. f3 Rg6 26. Ne4 f5 27. Nc3
Bc4 28. Qe3 Bb3 29. Rxd7 Qxd7 30. Re1 Bc4 31. Rd1 Qc7 32. Ne2 Rg7 33. b3 Bxe2
34. Qxe6+ Kf8 35. Qxe2 Re7 36. Qd3 Qc5+ 37. Kf1 Qe5 38. Qd8+ Kg7 39. Qd4 Qxd4
40. Rxd4 Re3 41. Rb4 Rc3 42. a4 bxa4 43. bxa4 Ra3 44. Kf2 a5 1/2-1/2

[Event "Fall TNM"]
[Site "San Francisco"]
[Date "2005.12.13"]
[Round "7"]
[White "Standen, Julian"]
[Black "Yamamoto, Craig"]
[Result "1/2-1/2"]
[WhiteElo "1731"]
[BlackElo "1577"]
[PlyCount "118"]
[EventDate "2005.11.01"]
[EventType "swiss"]
[EventRounds "8"]
[EventCountry "USA"]

1. d4 d5 2. Nf3 c5 3. c3 b6 4. e3 Nf6 5. Bd3 g6 6. O-O Bg7 7. Nbd2 Nbd7 8. e4
dxe4 9. Nxe4 cxd4 10. Nxd4 Bb7 11. Re1 O-O 12. Bg5 Nxe4 13. Bxe4 Bxe4 14. Rxe4
Nf6 15. Re2 e6 16. Rd2 Qc7 17. Qf3 Nd5 18. Rad1 Qc4 19. a3 Rac8 20. Nc2 a5 21.
Ne3 Nxe3 22. Qxe3 b5 23. Qb6 b4 24. axb4 axb4 25. Qxb4 Qxb4 26. cxb4 f6 27. Be3
Rb8 28. Bc5 Rfe8 29. Kf1 e5 30. Ke2 f5 31. f3 e4 32. fxe4 Rxe4+ 33. Kf3 Rbe8
34. Rd8 Bxb2 35. Rxe8+ Rxe8 36. Rd7 Rb8 37. Rd3 Be5 38. h3 {NAM} Kf7 39. Rd7+
Ke6 40. Rxh7 Bd6 41. Bxd6 Kxd6 42. Rh4 g5 43. Rd4+ Ke5 44. Ke3 Rb5 45. g3 Rb8
46. h4 gxh4 47. gxh4 Rb5 48. Rf4 Kf6 49. Kd3 Ke5 50. Ke3 Kf6 51. Rc4 Kg6 52.
Kf4 Rb6 53. Ke5 Rb5+ 54. Kd6 Rb6+ 55. Kc5 Rb8 56. b5 Rf8 57. Rf4 Rc8+ 58. Kd6
Rb8 59. Rb4 f4 1/2-1/2

[Event "Fall TNM"]
[Site "San Francisco"]
[Date "2005.12.13"]
[Round "7"]
[White "Wilkerson, Max"]
[Black "Brown, Nicholas"]
[Result "1/2-1/2"]
[WhiteElo "1900"]
[BlackElo "1471"]
[PlyCount "69"]
[EventDate "2005.11.01"]
[EventType "swiss"]
[EventRounds "8"]
[EventCountry "USA"]

1. c4 c6 2. d4 d5 3. e3 Nf6 4. Nf3 Bg4 5. cxd5 cxd5 6. Be2 Nc6 7. O-O e6 8. Nc3
Bd6 9. h3 Bxf3 10. Bxf3 O-O 11. Bd2 a6 12. Rc1 Qd7 13. Qe2 Rfe8 14. Rfd1 e5 15.
dxe5 Rxe5 16. Qd3 Rg5 17. Kh1 Ne5 18. Qe2 Nxf3 19. Qxf3 Re8 20. Be1 Ree5 21.
Rd4 Ref5 22. Qd1 Bc5 23. Rh4 Bxe3 24. Rc2 Ba7 25. f4 Rh5 26. Rxh5 Nxh5 27. Qg4
Nf6 28. Qf3 d4 29. g4 Rc5 30. Rd2 Qc6 31. Qxc6 Rxc6 32. g5 Ne8 33. Ne2 Re6 34.
Bg3 f6 35. Nxd4 1/2-1/2

[Event "Fall TNM"]
[Site "San Francisco"]
[Date "2005.12.13"]
[Round "7"]
[White "Wong, Russell"]
[Black "Samatra, Mario"]
[Result "0-1"]
[WhiteElo "2200"]
[BlackElo "1900"]
[PlyCount "86"]
[EventDate "2005.11.01"]
[EventType "swiss"]
[EventRounds "8"]
[EventCountry "USA"]

1. e4 c5 2. Nf3 Nc6 3. d4 cxd4 4. Nxd4 g6 5. c4 Bg7 6. Be3 Nf6 7. Nc3 Ng4 8.
Qxg4 Nxd4 9. Qd1 Ne6 10. Qd2 O-O 11. Be2 b6 12. O-O Bb7 13. f3 Rc8 14. Rad1 d6
15. Nb5 a6 16. Nc3 Bc6 17. Nd5 Rb8 18. Qb4 b5 19. cxb5 Bxb5 20. Qd2 Bxe2 21.
Qxe2 Bxb2 22. Qxa6 Re8 23. Rf2 Bg7 24. Ba7 Rc8 25. Qa4 Nc5 26. Qa3 Nd7 27. Qe3
Qa5 28. Bd4 Qa4 29. Rfd2 Rc2 30. Bxg7 Kxg7 31. Rxc2 Qxc2 32. Qd4+ Kg8 33. Ne3
Qxa2 34. Ra1 Qe6 35. Nd5 Qe5 36. Qa4 Rb8 37. f4 Qe6 38. Nc7 Qf6 39. e5 Qf5 40.
exd6 exd6 41. Qd4 Rb1+ 42. Rxb1 Qxb1+ 43. Kf2 Qc2+ 0-1

[Event "Fall TNM"]
[Site "San Francisco"]
[Date "2005.12.20"]
[Round "8"]
[White "Allen, Tom"]
[Black "Akol, Haluk"]
[Result "1-0"]
[WhiteElo "1506"]
[BlackElo "1189"]
[PlyCount "59"]
[EventDate "2005.11.01"]
[EventType "swiss"]
[EventRounds "8"]
[EventCountry "USA"]

1. e4 c5 2. d4 cxd4 3. c3 dxc3 4. Nxc3 e5 5. Nf3 Nc6 6. Bc4 h6 7. O-O d6 8. Qe2
Bg4 9. Nd5 Nf6 10. Bb5 g5 11. Bd2 Be7 12. Rac1 O-O 13. Bxc6 bxc6 14. Rxc6 Nh5
15. h3 Be6 16. Rfc1 Bxd5 17. exd5 Nf4 18. Bxf4 gxf4 19. Nh2 Bg5 20. Qa6 Be7 21.
Ng4 Kh7 22. R1c3 Rg8 23. Qd3+ Rg6 24. Qf5 Qg8 25. Rc7 Kh8 26. Rxe7 Rf8 27. Rcc7
Rg5 28. Qf6+ Rg7 29. Qxd6 f5 30. Rxg7 1-0

[Event "Fall TNM"]
[Site "San Francisco"]
[Date "2005.12.20"]
[Round "8"]
[White "Brown, Nicholas"]
[Black "Litowsky, Dan"]
[Result "0-1"]
[WhiteElo "1471"]
[BlackElo "1710"]
[PlyCount "108"]
[EventDate "2005.11.01"]
[EventType "swiss"]
[EventRounds "8"]
[EventCountry "USA"]

1. d4 d5 2. c4 c6 3. Nf3 Nf6 4. Nc3 e6 5. e3 Nbd7 6. Bd3 Bd6 7. O-O O-O 8. e4
dxe4 9. Nxe4 Nxe4 10. Bxe4 Nf6 11. Bd3 h6 12. Bd2 Re8 13. Re1 Qc7 14. c5 Bf4
15. Bxf4 Qxf4 16. Ne5 Rd8 17. Nf3 b6 18. b3 bxc5 19. dxc5 Ba6 20. Re3 Rd5 21.
Qc2 Bxd3 22. Rxd3 Rad8 23. Rad1 Qb4 24. Rxd5 Rxd5 25. Rxd5 exd5 26. h3 Ne4 27.
Ne5 Qb5 28. a4 Qb7 29. f3 Ng5 30. h4 Ne6 31. Nd3 Nd4 32. Qb2 Nxb3 33. Kf2 Nxc5
34. Qxb7 Nxb7 35. Ke3 c5 36. Nb2 Kf8 37. Kf4 f6 38. Kf5 Kf7 39. Nd3 Nd6+ 40.
Kf4 c4 41. Nb4 Ke6 42. g4 c3 43. Ke3 Nc4+ 44. Kd4 a5 45. Nxd5 c2 46. Nf4+ Kd6
47. Ne2 Nb6 48. Kc3 Nxa4+ 49. Kxc2 Ke5 50. Kb3 Nc5+ 51. Kc4 Ne6 52. Kb5 Nd4+
53. Nxd4 Kxd4 54. Kxa5 Ke3 0-1

[Event "Fall TNM"]
[Site "San Francisco"]
[Date "2005.12.20"]
[Round "8"]
[White "Chalissery, Jossy"]
[Black "Dorn, Richard"]
[Result "0-1"]
[WhiteElo "1688"]
[BlackElo "1933"]
[PlyCount "42"]
[EventDate "2005.11.01"]
[EventType "swiss"]
[EventRounds "8"]
[EventCountry "USA"]

1. Nf3 Nf6 2. g3 g6 3. Bg2 Bg7 4. O-O O-O 5. d3 d6 6. e4 c5 7. Nc3 Nc6 8. b3
Nxe4 9. Nxe4 Bxa1 10. Bh6 Bg7 11. Bxg7 Kxg7 12. h4 Bg4 13. Qd2 Qd7 14. Re1 Bxf3
15. Bxf3 h5 16. Bxh5 Ne5 17. Qg5 f6 18. Qe3 gxh5 19. Kg2 Qf5 20. f3 a5 21. d4
cxd4 0-1

[Event "Fall TNM"]
[Site "San Francisco"]
[Date "2005.12.20"]
[Round "8"]
[White "Grey, Peter"]
[Black "Chernobilskiy, Mikhail"]
[Result "*"]
[WhiteElo "2021"]
[BlackElo "1662"]
[PlyCount "53"]
[EventDate "2005.11.01"]
[EventType "swiss"]
[EventRounds "8"]
[EventCountry "USA"]

1. e4 c5 2. Nf3 d6 3. d4 Nf6 4. Nc3 cxd4 5. Nxd4 g6 6. Be3 Bg7 7. f3 O-O 8. Qd2
Nc6 9. O-O-O Bd7 10. g4 Re8 11. h4 Rc8 12. h5 Ne5 13. hxg6 fxg6 14. Kb1 Qa5 15.
Nb3 Qc7 16. Be2 a5 17. a4 Nc4 18. Bxc4+ Qxc4 19. e5 Nxg4 20. fxg4 Bxg4 21. exd6
exd6 22. Rdg1 Bf5 23. Nd4 Rxe3 24. Nxf5 Rxc3 25. Ne7+ Kh8 26. Rxh7+ Kxh7 27.
Rh1+ *

[Event "Fall TNM"]
[Site "San Francisco"]
[Date "2005.12.20"]
[Round "8"]
[White "Ladyzhensky, Boris"]
[Black "Dunham, Tom"]
[Result "1-0"]
[WhiteElo "1721"]
[BlackElo "1336"]
[PlyCount "63"]
[EventDate "2005.11.01"]
[EventType "swiss"]
[EventRounds "8"]
[EventCountry "USA"]

1. e4 c5 2. Nf3 d6 3. d4 cxd4 4. Nxd4 Nf6 5. Nc3 a6 6. Bc4 e6 7. Bb3 Nbd7 8.
O-O b5 9. a3 Bb7 10. Bxe6 fxe6 11. Nxe6 Qb8 12. Re1 Ne5 13. Nd5 Bxd5 14. exd5
Kd7 15. b3 Rg8 16. Bf4 Ra7 17. Bxe5 dxe5 18. c4 Qb6 19. Rxe5 Bd6 20. Re3 h5 21.
h3 Bc5 22. Nxc5+ Qxc5 23. Qe2 Re8 24. Rxe8 Nxe8 25. Qxh5 bxc4 26. bxc4 Nd6 27.
Qg4+ Kd8 28. Qh4+ Re7 29. Rb1 Qxa3 30. Qh8+ Kd7 31. Qa8 a5 32. Qc6+ 1-0

[Event "Fall TNM"]
[Site "San Francisco"]
[Date "2005.12.20"]
[Round "8"]
[White "Livschitz, Jennifer"]
[Black "Mar, Henry"]
[Result "1-0"]
[WhiteElo "1230"]
[BlackElo "1565"]
[PlyCount "31"]
[EventDate "2005.11.01"]
[EventType "swiss"]
[EventRounds "8"]
[EventCountry "USA"]

1. e4 e6 2. d4 d5 3. Nd2 Nf6 4. e5 Nfd7 5. Bd3 c5 6. Ne2 cxd4 7. Nxd4 Nxe5 8.
Bb5+ Bd7 9. Bxd7+ Nbxd7 10. Qh5 Ng6 11. O-O Qh4 12. Qxh4 Nxh4 13. Nb5 Rb8 14.
Nb3 b6 15. Bg5 Nf5 16. Nc7# 1-0